000
00256nam a2200097Ia 4500
001
805678
005
20250826171157.0
008
250824s9999 xx 000 0 und d
245
0
_a
HUN KARTAL SAVAŞÇISI
_c
AHMET HALDUN TERZİOĞLU
260
_b
PANAMA YAYINLARI
999
_c
805678
_d
805678